| 000 | 00472nam a2200169 i 4500 | ||
|---|---|---|---|
| 020 | _a2040101373 | ||
| 040 | _cDLC | ||
| 082 | 0 | 0 | _a574 GAU 1978 A057 Or. |
| 100 | 1 | _aEhrhardt, Jean Paul. | |
| 245 | 1 | 3 |
_aLe plancton : _bcomposition, écologie, pollution / |
| 260 |
_aParis : _bGauthier-Villars, _cc1978. |
||
| 300 |
_axiv, 210 p. : _bill. ; _c24 cm. |
||
| 490 | 0 | _aÉcologie fondamentale et appliquée | |
| 650 | 0 | _aPlankton. | |
| 700 | 1 | _aSeguin, Gérard, | |
| 942 | _cFB | ||
| 999 |
_c13935 _d13935 |
||